00382nam a2200157Ia 4500008004100000082002100041100001700062245002200079250000600101260003100107300000800138600001700146630002200163700001700185730002200202151018s9999 xx 000 0 und d bRBASDV30744a823 aSubir Ghosh aThe Dream Machine b1 bChildren Books Trustc1997 a102 aSubir Ghosh aThe Dream Machine aSubir Ghosh aThe Dream Machine